000 00279nam a2200109Ia 4500
008 220204s9999 xx 000 0 und d
082 _a301
_bPEE
100 _aPeeters, P
245 0 _aCan we avoid a third world war around 2010?
260 _aLondon
_bMacmillan
_c1979
942 _cBK
999 _c34893
_d34893